LIBRARY & INFORMATION CENTRE, KCAET, TAVANUR

ONLINE PUBLIC ACCESS CATALOGUE (OPAC)

Water classification processes: Practical design and evaluation / (Record no. 5597)

MARC details
000 -LEADER
fixed length control field 00610cam a2200181ua 4500
041 ## - LANGUAGE CODE
Language code of text/sound track or separate title eng
082 ## - DEWEY DECIMAL CLASSIFICATION NUMBER
Classification number 628.162
Item number HUD/WA
100 ## - MAIN ENTRY--AUTHOR NAME
Personal name Hudson , Herbert E .
245 ## - TITLE STATEMENT
Title Water classification processes: Practical design and evaluation /
250 ## - EDITION STATEMENT
Edition statement 1 /
260 ## - PUBLICATION, DISTRIBUTION, ETC. (IMPRINT)
Place of publication New York :
Name of publisher Van Nostrand Reinhold Company ,
Year of publication 1981.
300 ## - PHYSICAL DESCRIPTION
Number of Pages 352 ;
Accompanying material CD ROM.
490 0# - SERIES STATEMENT
Series statement Van Nostrand Reinhold environmental engineering series,
Volume number/sequential designation
942 ## - ADDED ENTRY ELEMENTS (KOHA)
Koha item type Books
Holdings
Withdrawn status Lost status Damaged status Home library Current library Date acquired Full call number Accession Number Koha item type
      KAUAET KAUAET 19/08/1986 628.162 15376 Books
free website counter